[Event "VII Weekend B"]
[Site "Padova ITA"]
[Date "2004.12.18"]
[Round "4"]
[White "Baldi, Giancarlo"]
[Black "Giordan, Daniele"]
[Result "0-1"]
[WhiteElo "1853"]
[BlackElo "1729"]
[PlyCount "104"]
[EventDate "2004.12.11"]

1. Nf3 d5 2. d4 Nf6 3. e3 e6 4. Bd3 c5 5. c3 Nc6 6. Nbd2 Qc7 7. O-O c4 8. Bc2
Bd6 9. Qe2 e5 10. e4 Bg4 11. exd5 Nxd5 12. Qxc4 Nb6 13. Qd3 O-O-O 14. dxe5 Nxe5
15. Qe4 f5 16. Qe3 Nxf3+ 17. Nxf3 Rhe8 18. Qg5 g6 19. Nd4 Bxh2+ 20. Kh1 Be5 21.
Be3 Kb8 22. Bb3 Bxd4 23. cxd4 Ka8 24. Rac1 Qg7 25. f3 h6 26. Qh4 g5 27. Qf2 f4
28. Bd2 Be6 29. Bxe6 Rxe6 30. Bc3 Nd5 31. Ba5 b6 32. Bd2 Kb7 33. Rfe1 Rde8 34.
Bc3 h5 35. Rxe6 Rxe6 36. Re1 Qe7 37. Rxe6 Qxe6 38. Qc2 Nxc3 39. Qxc3 Qxa2 40.
b3 Qb1+ 41. Kh2 Qf5 42. Qc4 g4 43. fxg4 hxg4 44. d5 g3+ 45. Kg1 Qb1+ 46. Qf1
Qxb3 47. d6 Qd5 48. Qxf4 Qd1+ 49. Qf1 Qxf1+ 50. Kxf1 Kc6 51. Ke2 Kxd6 52. Kf3
a5 0-1

[Event "VII Weekend B"]
[Site "Padova ITA"]
[Date "2004.12.18"]
[Round "4"]
[White "Borgato, Alessandro"]
[Black "Menini, Luca"]
[Result "0-1"]
[WhiteElo "1625"]
[BlackElo "1715"]
[PlyCount "66"]
[EventDate "2004.12.11"]

1. e4 e6 2. d4 d5 3. exd5 exd5 4. Bd3 Bd6 5. Nf3 Bg4 6. O-O Ne7 7. Re1 Nd7 8.
Bg5 f6 9. Bh4 O-O 10. c3 c6 11. Nbd2 Re8 12. Qc2 Nf8 13. h3 Bh5 14. Bg3 Bxg3
15. fxg3 Bg6 16. g4 Bxd3 17. Qxd3 Qd7 18. Re2 Neg6 19. Rxe8 Rxe8 20. Re1 Rxe1+
21. Nxe1 Qe6 22. Qf1 Ne7 23. Nef3 Nfg6 24. Qe1 Kf7 25. Qxe6+ Kxe6 26. g3 Nc8
27. Kf2 Nd6 28. Ne1 Ne7 29. Nd3 b6 30. b3 g5 31. Nf1 Ne4+ 32. Kf3 Nxc3 33. a3
Nb5 0-1

[Event "VII Weekend B"]
[Site "Padova ITA"]
[Date "2004.12.18"]
[Round "4"]
[White "Castellano, Alfonso"]
[Black "Boscolo, Michele"]
[Result "1-0"]
[WhiteElo "1881"]
[BlackElo "1711"]
[PlyCount "63"]
[EventDate "2004.12.11"]

1. c4 Nf6 2. Nc3 e5 3. g3 d6 4. Bg2 Be7 5. d3 h6 6. e4 O-O 7. Nge2 Nc6 8. O-O
Be6 9. h3 Qd7 10. Kh2 Nh7 11. f4 exf4 12. gxf4 f5 13. Nd5 Bh4 14. b3 Ne7 15.
Bb2 c6 16. Ne3 d5 17. e5 Rad8 18. c5 Rf7 19. Nd4 Nf8 20. Qh5 Neg6 21. Rac1 Kh7
22. Nf3 Be7 23. Ng5+ Bxg5 24. fxg5 d4 25. Nc4 Re7 26. gxh6 gxh6 27. Nd6 Nxe5
28. Nxf5 Bxf5 29. Rxf5 Nfg6 30. Be4 Qe6 31. Rcf1 Rdd7 32. Bc1 {...} 1-0

[Event "VII Weekend B"]
[Site "Padova ITA"]
[Date "2004.12.18"]
[Round "4"]
[White "Cestonaro, Federico"]
[Black "Ceccherini, Paolo"]
[Result "0-1"]
[WhiteElo "1535"]
[BlackElo "1706"]
[PlyCount "63"]
[EventDate "2004.12.11"]

1. d4 Nf6 2. c4 g6 3. Nc3 Bg7 4. e4 d6 5. f3 O-O 6. Be3 c6 7. Qd2 e5 8. d5 c5
9. Bd3 Na6 10. Nge2 Ne8 11. g4 Nb4 12. Ng3 Nxd3+ 13. Qxd3 a6 14. O-O-O Bd7 15.
Kb1 b5 16. cxb5 axb5 17. Nxb5 Qa5 18. Na3 Bb5 19. Qxb5 Qa7 20. h4 Nc7 21. Qd3
Rfb8 22. Ka1 Nb5 23. h5 Nd4 24. Bxd4 exd4 25. hxg6 fxg6 26. f4 c4 27. Qxc4 Rxb2
28. Kxb2 Qxa3+ 29. Ka1 Qxg3 30. Qd3 Qxf4 31. Rhg1 Qf2 32. Rdf1 0-1

[Event "VII Weekend B"]
[Site "Padova ITA"]
[Date "2004.12.18"]
[Round "4"]
[White "Colusso, Enrico"]
[Black "Zanirato, Stefano"]
[Result "1-0"]
[WhiteElo "1691"]
[BlackElo "1786"]
[PlyCount "87"]
[EventDate "2004.12.11"]

1. e4 Nc6 2. Nf3 a6 3. d4 d5 4. exd5 Qxd5 5. c4 Qd6 6. Be3 Qb4+ 7. Qd2 Qxd2+ 8.
Nbxd2 Bf5 9. a3 e6 10. Nh4 Bg6 11. h3 Bh5 12. g4 Bg6 13. Nxg6 hxg6 14. Bg2 Nge7
15. b4 f5 16. g5 f4 17. Bxf4 Nxd4 18. Be4 c6 19. Nf3 Nxf3+ 20. Bxf3 Nf5 21.
O-O-O Be7 22. Bg4 a5 23. Rhe1 axb4 24. Rxe6 Kf7 25. Bxf5 gxf5 26. Rde1 Bf8 27.
g6+ Kg8 28. Re8 Rxe8 29. Rxe8 Rh6 30. Bd6 Rxg6 31. Rxf8+ Kh7 32. Bxb4 Rg5 33.
Rf7 b6 34. Bc3 Kg8 35. Rb7 Rg2 36. Bd4 c5 37. Be3 Rg6 38. Kb2 Rf6 39. Bg5 Re6
40. Kb3 Re2 41. f4 Re1 42. h4 Kf8 43. Ka4 Rb1 44. Be7+ 1-0

[Event "VII Weekend B"]
[Site "Padova ITA"]
[Date "2004.12.18"]
[Round "4"]
[White "Di Cerbo, Giulia"]
[Black "Salata, Alessio"]
[Result "1-0"]
[WhiteElo "1676"]
[BlackElo "1718"]
[PlyCount "59"]
[EventDate "2004.12.11"]

1. d4 d5 2. Nf3 c6 3. c3 Nf6 4. Bf4 Nbd7 5. Nbd2 e6 6. e3 Qb6 7. Qc2 c5 8. Be2
Bd6 9. Bg3 Qc7 10. O-O O-O 11. Rae1 b6 12. e4 Bxg3 13. fxg3 cxd4 14. Nxd4 e5
15. Nf5 Bb7 16. exd5 Bxd5 17. Ne7+ Kh8 18. Nxd5 Nxd5 19. Bf3 Qc5+ 20. Kh1 Ne3
21. Rxe3 Qxe3 22. Bxa8 Rxa8 23. Nc4 Qc5 24. Qd3 Nf6 25. Rd1 h6 26. Qe2 e4 27.
Nd6 Re8 28. Nxe8 Nxe8 29. Qxe4 Nd6 30. Qd4 1-0

[Event "VII Weekend B"]
[Site "Padova ITA"]
[Date "2004.12.18"]
[Round "4"]
[White "Favero, Graziano"]
[Black "Mosca, Giulia"]
[Result "0-1"]
[WhiteElo "1817"]
[BlackElo "1590"]
[PlyCount "100"]
[EventDate "2004.12.11"]

1. e4 c6 2. d4 d5 3. exd5 cxd5 4. c4 Nf6 5. Nc3 Nc6 6. Bg5 e6 7. c5 Be7 8. Bb5
O-O 9. Nf3 Ne4 10. Nxe4 dxe4 11. Bxe7 Nxe7 12. Nd2 Qxd4 13. Qc2 e3 14. fxe3
Qxe3+ 15. Be2 Nf5 16. Nb3 Bd7 17. Qd3 Bc6 18. Qxe3 Nxe3 19. Kf2 Nxg2 20. Bf3
Bxf3 21. Kxf3 Nh4+ 22. Kg4 Nf5 23. Rac1 Rfd8 24. Rc3 Nd4 25. Nc1 Nc6 26. Rg3
Rd4+ 27. Kh3 Rad8 28. Rhg1 g6 29. Rb3 Rb4 30. Rgg3 Rxb3 31. Rxb3 Rd7 32. Ne2
Ne5 33. Ng3 Rc7 34. Ne4 Nc4 35. Nf6+ Kh8 36. Rd3 Re7 37. a3 Kg7 38. Ne4 Ne5 39.
Rd8 Rd7 40. Rxd7 Nxd7 41. b4 Nb8 42. Nd6 b6 43. Nc8 bxc5 44. bxc5 Nc6 45. a4
Kf6 46. Nd6 e5 47. Kg3 Ke6 48. Kf3 f5 49. Nc4 Kd5 50. Ne3+ Kxc5 0-1

[Event "VII Weekend B"]
[Site "Padova ITA"]
[Date "2004.12.18"]
[Round "4"]
[White "Frascati, Francesco"]
[Black "Benedetti, Maurizio"]
[Result "1/2-1/2"]
[WhiteElo "1502"]
[BlackElo "1523"]
[PlyCount "66"]
[EventDate "2004.12.11"]

1. e4 c5 2. Nf3 d6 3. d4 cxd4 4. Nxd4 Nf6 5. Nc3 e6 6. Bg5 Be7 7. Qd2 a6 8.
O-O-O Nc6 9. Nxc6 bxc6 10. Bxf6 gxf6 11. Bc4 d5 12. exd5 cxd5 13. Bb3 Rb8 14.
Rhe1 Bd7 15. Qh6 Bf8 16. Qf4 h5 17. Kb1 Bh6 18. Qd4 O-O 19. h4 Bg7 20. g4 f5
21. Qf4 fxg4 22. f3 f5 23. Nxd5 Rxb3 24. axb3 exd5 25. Rxd5 Qf6 26. c3 Be6 27.
Rd6 Re8 28. Rdxe6 Rxe6 29. Qc4 Kf7 30. Qc7+ Kg6 31. Rg1 Kh7 32. Qf4 Bh6 33. Qc4
33... Qxh4 {...} 1/2-1/2

[Event "VII Weekend B"]
[Site "Padova ITA"]
[Date "2004.12.18"]
[Round "4"]
[White "Gualazzi, Paolo"]
[Black "Tomio, Dante"]
[Result "0-1"]
[WhiteElo "1697"]
[BlackElo "1876"]
[PlyCount "64"]
[EventDate "2004.12.11"]

1. d4 d5 2. c4 c6 3. e3 Nf6 4. Nc3 e6 5. cxd5 exd5 6. h3 Bd6 7. Nf3 Bf5 8. Bd3
Bxd3 9. Qxd3 O-O 10. O-O Nbd7 11. a3 Re8 12. b4 a6 13. Bb2 Ne4 14. Na4 Nb6 15.
Nc5 Nc4 16. Bc1 Qc7 17. Nh4 Bh2+ 18. Kh1 Nxf2+ 19. Rxf2 Bg3 20. Rf3 Bxh4 21.
Ra2 b6 22. Na4 Nd6 23. Re2 Ne4 24. Kg1 Re6 25. Bd2 Rg6 26. Be1 Bxe1 27. Rxe1
Ng5 28. Rf5 Nxh3+ 29. Kh1 Rh6 30. Qf1 Ng5+ 31. Kg1 Qh2+ 32. Kf2 Ne4+ 0-1

[Event "VII Weekend B"]
[Site "Padova ITA"]
[Date "2004.12.18"]
[Round "4"]
[White "Maniero, Andrea"]
[Black "Casciello, Dimitri"]
[Result "0-1"]
[WhiteElo "1691"]
[BlackElo "1856"]
[PlyCount "79"]
[EventDate "2004.12.11"]

1. e4 c5 2. Nc3 Nc6 3. f4 g6 4. Nf3 Bg7 5. g3 e6 6. Bg2 d6 7. O-O Nge7 8. d3
O-O 9. Be3 Nd4 10. e5 Nef5 11. Bf2 Nxf3+ 12. Bxf3 Nd4 13. exd6 Qxd6 14. Bg2 f5
15. Re1 Bd7 16. Ne2 Bc6 17. Bxc6 Nxc6 18. Rb1 Rae8 19. Nc3 Nd4 20. Bxd4 Bxd4+
21. Kg2 e5 22. Qf3 Bxc3 23. bxc3 b6 24. fxe5 Rxe5 25. Qb7 Rfe8 26. Kf2 Qe6 27.
Qh1 Re2+ 28. Rxe2 Qxe2+ 29. Kg1 Qxc2 30. Qd5+ Kg7 31. Qd7+ Kh6 32. Qxe8 Qxb1+
33. Kg2 Qxd3 34. Qf8+ Kh5 35. Qf6 Qe4+ 36. Kf2 a5 37. h4 h6 38. Qd8 f4 39. gxf4
Qxf4+ 40. Ke2 {...} 0-1

[Event "VII Weekend B"]
[Site "Padova ITA"]
[Date "2004.12.18"]
[Round "4"]
[White "Maniero, Riccardo"]
[Black "Canazza, Alessandro"]
[Result "1/2-1/2"]
[WhiteElo "1862"]
[BlackElo "1775"]
[PlyCount "45"]
[EventDate "2004.12.11"]

1. e4 g6 2. d4 Bg7 3. Nc3 d6 4. Be2 c6 5. h4 b5 6. a3 a6 7. h5 Nd7 8. Be3 Qa5
9. hxg6 hxg6 10. Rxh8 Bxh8 11. Qd2 Bb7 12. Bf3 e6 13. Nge2 Ne7 14. Na2 Qc7 15.
Nb4 Nb6 16. b3 a5 17. Nd3 a4 18. Ra2 axb3 19. cxb3 Bg7 20. Bh6 Bh8 21. Be3 Bg7
22. Bh6 Bh8 23. Be3 1/2-1/2

[Event "VII Weekend B"]
[Site "Padova ITA"]
[Date "2004.12.18"]
[Round "4"]
[White "Nagliati, Paolo"]
[Black "Penzo, Michele"]
[Result "0-1"]
[WhiteElo "1829"]
[BlackElo "1724"]
[PlyCount "29"]
[EventDate "2004.12.11"]

1. e4 d6 2. d4 Nf6 3. Nc3 g6 4. Nf3 Bg7 5. Be2 O-O 6. O-O Nc6 7. h3 Nd7 8. Bg5
f5 9. exf5 Rxf5 10. Bc4+ Kh8 11. Be6 Rxf3 12. gxf3 Nxd4 13. Bg4 h5 14. Bxd7
Qxd7 15. Ne2 0-1

[Event "VII Weekend B"]
[Site "Padova ITA"]
[Date "2004.12.18"]
[Round "4"]
[White "Simioni, Tiziano"]
[Black "Palumbo, Giuseppe"]
[Result "1/2-1/2"]
[WhiteElo "1763"]
[BlackElo "1652"]
[PlyCount "128"]
[EventDate "2004.12.11"]

1. d4 Nf6 2. c4 g6 3. Nd2 c5 4. e3 Bg7 5. b3 O-O 6. Bb2 cxd4 7. exd4 d5 8. Ngf3
Nc6 9. Be2 Re8 10. O-O Nh5 11. Re1 Nf4 12. Bf1 Bg4 13. h3 Bf5 14. Ne5 Nxe5 15.
dxe5 Nd3 16. Bxd3 Bxd3 17. Qf3 dxc4 18. Nxc4 Bxc4 19. bxc4 Qc7 20. Rac1 e6 21.
c5 Rad8 22. c6 b6 23. Qe2 Bf8 24. Qa6 Bc5 25. Qa4 Rd5 26. Kf1 Rc8 27. f4 Qxc6
28. Qxc6 Rxc6 29. Rc2 Rc7 30. Ke2 Rcd7 31. Rec1 Rd3 32. Bc3 Rg3 33. Kf1 Kf8 34.
Be1 Rgd3 35. Bf2 Bxf2 36. Kxf2 Rd2+ 37. Kg3 Rxc2 38. Rxc2 Kg7 39. Kg4 f6 40.
exf6+ Kxf6 41. h4 h5+ 42. Kh3 Kf5 43. g3 e5 44. fxe5 Kxe5 45. Rc6 Rd6 46. Rc3
a5 47. g4 hxg4+ 48. Kxg4 Kd4 49. Rf3 Ke5 50. Kg5 b5 51. Rf2 Ke4 52. Rf6 Rd2 53.
a3 Rg2+ 54. Kh6 b4 55. axb4 axb4 56. Rb6 Rb2 57. Kxg6 b3 58. h5 Rg2+ 59. Kf7 b2
60. h6 Kf5 61. h7 Rh2 62. Kg7 Rg2+ 63. Kf7 Rh2 64. Rb5+ Ke4 1/2-1/2

[Event "VII Weekend B"]
[Site "Padova ITA"]
[Date "2004.12.18"]
[Round "4"]
[White "Solinas, Roberto"]
[Black "Basset, Sergio"]
[Result "1-0"]
[WhiteElo "1652"]
[BlackElo "1790"]
[PlyCount "83"]
[EventDate "2004.12.11"]

1. d4 Nf6 2. Nf3 c5 3. e3 e6 4. Nbd2 Nc6 5. c3 d5 6. Bd3 Bd6 7. dxc5 Bxc5 8. e4
dxe4 9. Nxe4 Nxe4 10. Bxe4 Qxd1+ 11. Kxd1 Bxf2 12. Ke2 Bc5 13. b4 Be7 14. Bf4
O-O 15. Bc7 Bf6 16. Rac1 Re8 17. b5 Ne7 18. c4 Ng6 19. Rhd1 e5 20. g3 a6 21. b6
a5 22. a4 Nf8 23. c5 Ne6 24. c6 Nd4+ 25. Nxd4 exd4 26. Kd3 bxc6 27. Bxc6 Ba6+
28. Bb5 Re3+ 29. Kd2 Bxb5 30. axb5 Ree8 31. b7 Bg5+ 32. Bf4 Bxf4+ 33. gxf4 Rab8
34. Rc7 Kf8 35. Rdc1 g6 36. R1c4 d3 37. Kxd3 Red8+ 38. Rd4 Rxd4+ 39. Kxd4 Kg7
40. Kc5 h6 41. Kb6 a4 42. Rc8 1-0

[Event "VII Weekend B"]
[Site "Padova ITA"]
[Date "2004.12.18"]
[Round "4"]
[White "Temporin, Alberto"]
[Black "Zangrando, Gianpietro"]
[Result "0-1"]
[WhiteElo "1580"]
[BlackElo "1846"]
[PlyCount "92"]
[EventDate "2004.12.11"]

1. e4 e6 2. Nf3 d5 3. exd5 exd5 4. d4 Nc6 5. c3 Bf5 6. Bd3 Qd7 7. Be3 Bd6 8.
Qc2 Bxd3 9. Qxd3 Nf6 10. Nbd2 O-O 11. O-O Rae8 12. Rae1 Ne4 13. Ng5 f5 14. f3
Nxg5 15. Bxg5 f4 16. Bh4 Ne7 17. Bxe7 Bxe7 18. Nb3 Bh4 19. Nc5 Qc8 20. Rxe8
Rxe8 21. Qd2 Re3 22. Nd3 Qf5 23. Ne5 h5 24. Rd1 c5 25. Nd3 c4 26. Nf2 Qe6 27.
Kf1 g5 28. h3 Kf7 29. Qc2 Kg7 30. Qd2 b5 31. b3 Bxf2 32. Kxf2 Rd3 33. Qe1 Qxe1+
34. Rxe1 cxb3 35. axb3 Rxc3 36. Re5 Rxb3 37. Rxg5+ Kf6 38. Rxd5 a5 39. Rxh5 a4
40. Rh6+ Ke7 41. Ra6 a3 42. Ke2 b4 43. h4 Rb2+ 44. Kd3 a2 45. h5 Rb3+ 46. Kc2
Ra3 0-1

[Event "VII Weekend B"]
[Site "Padova ITA"]
[Date "2004.12.18"]
[Round "4"]
[White "Ungaro, Olindo"]
[Black "Porta, Federico"]
[Result "1-0"]
[WhiteElo "1999"]
[BlackElo "1799"]
[PlyCount "99"]
[EventDate "2004.12.11"]

1. e4 d5 2. exd5 Qxd5 3. Nc3 Qa5 4. d4 Nf6 5. Nf3 Bf5 6. Bc4 e6 7. Bd2 c6 8.
Ne4 Qc7 9. Nxf6+ gxf6 10. Bb3 Nd7 11. Qe2 Bd6 12. Nh4 Bg6 13. g3 O-O-O 14.
O-O-O Kb8 15. f4 Rhe8 16. Rhe1 c5 17. f5 c4 18. Ba4 b5 19. Bxb5 exf5 20. Qxc4
Re4 21. Rxe4 fxe4 22. Qxc7+ Bxc7 23. Re1 f5 24. Bxd7 Rxd7 25. c3 Bd8 26. Bf4+
Kc8 27. Ng2 Bh5 28. Ne3 Bg6 29. Rf1 Be7 30. Bh6 Bd8 31. Bf4 Be7 32. b4 Kb7 33.
Rd1 Kc8 34. Kb2 Bh5 35. Rd2 Bg6 36. a3 f6 37. c4 a5 38. c5 axb4 39. axb4 Rb7
40. Kc3 Ra7 41. Kb3 Bf7+ 42. d5 Rb7 43. Kc4 Ra7 44. Nxf5 Bf8 45. Bd6 Bg6 46.
Bxf8 Bxf5 47. Bh6 Ra3 48. Rf2 Bg6 49. Rxf6 e3 50. Rf8+ 1-0

[Event "VII Weekend B"]
[Site "Padova ITA"]
[Date "2004.12.18"]
[Round "4"]
[White "Valentini, Paola"]
[Black "Rigo, Caterina"]
[Result "1-0"]
[WhiteElo "1787"]
[BlackElo "1667"]
[PlyCount "79"]
[EventDate "2004.12.11"]

1. c4 Nf6 2. Nc3 d6 3. g3 g6 4. Bg2 Bg7 5. d3 O-O 6. Nf3 e5 7. O-O Nc6 8. Rb1
Bd7 9. b4 a6 10. Bg5 Qc8 11. Bxf6 Bxf6 12. Nd5 Bd8 13. Qc1 Ne7 14. Nf6+ Kg7 15.
Nxd7 Qxd7 16. c5 Nc6 17. a4 Na7 18. Qc2 f6 19. cxd6 cxd6 20. Qb3 Rc8 21. Nd2
Be7 22. Nc4 Rc7 23. Nb6 Qg4 24. Bf3 Qf5 25. Nd5 Rd7 26. Rfc1 Nc6 27. Ne3 Qg5
28. h4 Qh6 29. Ng4 Qh5 30. Nxf6 Qf5 31. Nxd7 Nd4 32. Qd5 Qxd7 33. Kg2 Qxa4 34.
Qxb7 Rf7 35. Bd5 Nxe2 36. Bxf7 Kxf7 37. Rc7 Qe8 38. Qxa6 Kf8 39. Rc8 Bd8 40.
Qxd6+ 1-0

[Event "VII Weekend B"]
[Site "Padova ITA"]
[Date "2004.12.19"]
[Round "5"]
[White "Bellemo, Davide"]
[Black "Negro, Raffaele"]
[Result "1/2-1/2"]
[WhiteElo "1715"]
[BlackElo "1775"]
[PlyCount "72"]
[EventDate "2004.12.11"]

1. c4 Nf6 2. Nc3 d6 3. g3 g6 4. Bg2 Bg7 5. d3 O-O 6. Nf3 e5 7. O-O Nbd7 8. Rb1
a5 9. a3 c6 10. b4 axb4 11. axb4 d5 12. e3 Re8 13. b5 Nc5 14. bxc6 bxc6 15.
cxd5 Nxd5 16. Nxd5 cxd5 17. Qc2 Nxd3 18. Qxd3 e4 19. Qd2 exf3 20. Bxf3 Bf5 21.
Rb7 Be4 22. Bxe4 dxe4 23. Rd7 Qa5 24. Qe2 Qb6 25. Rfd1 Ra1 26. Qc4 Qe6 27. Qc7
Be5 28. Qb7 Qc4 29. Re7 Rxe7 30. Qxe7 Rxc1 31. Qe8+ Kg7 32. Qxe5+ Kg8 33. Rxc1
Qxc1+ 34. Kg2 Qc6 35. h4 h5 36. Qb8+ Kh7 1/2-1/2

[Event "VII Weekend B"]
[Site "Padova ITA"]
[Date "2004.12.19"]
[Round "5"]
[White "Boscolo, Michele"]
[Black "Simioni, Tiziano"]
[Result "1-0"]
[WhiteElo "1711"]
[BlackElo "1763"]
[PlyCount "75"]
[EventDate "2004.12.11"]

1. d4 Nf6 2. Nf3 g6 3. c4 Bg7 4. Nc3 O-O 5. e4 d6 6. Be2 e5 7. d5 Nh5 8. O-O f5
9. Bg5 Bf6 10. Bh6 Ng7 11. exf5 Bxf5 12. Nd2 Bg5 13. Bxg5 Qxg5 14. Nde4 Qh4 15.
Ng3 Nd7 16. Qd2 Rf7 17. f4 Raf8 18. b3 Bg4 19. Bxg4 Qxg4 20. fxe5 Nxe5 21. Rxf7
Rxf7 22. Rf1 Rxf1+ 23. Kxf1 Qh4 24. Kg1 Ng4 25. Nf1 Nf5 26. Nb5 Qe7 27. Nxa7 c6
28. dxc6 bxc6 29. Nxc6 Qe4 30. Qd5+ Qxd5 31. cxd5 Nge3 32. Nxe3 Nxe3 33. Nb4
Kf7 34. Kf2 Nd1+ 35. Ke2 Nc3+ 36. Kd3 Nb5 37. a4 Na7 38. Nc6 1-0

[Event "VII Weekend B"]
[Site "Padova ITA"]
[Date "2004.12.19"]
[Round "5"]
[White "Canazza, Alessandro"]
[Black "Castellano, Alfonso"]
[Result "0-1"]
[WhiteElo "1775"]
[BlackElo "1881"]
[PlyCount "64"]
[EventDate "2004.12.11"]

1. g3 d5 2. Bg2 Nf6 3. d3 c6 4. Nc3 e5 5. Nf3 Bd6 6. O-O O-O 7. e4 d4 8. Ne2 c5
9. Nh4 Nc6 10. a3 Rb8 11. Qe1 Bd7 12. f4 b5 13. b3 c4 14. f5 Rc8 15. Bd2 a5 16.
h3 Be7 17. Nf3 Qb6 18. g4 Nxe4 19. Nxe5 Nxe5 20. Bxe4 cxd3 21. Bxa5 Qh6 22.
cxd3 Qxh3 23. Qg3 Qxg4 24. Qxg4 Nxg4 25. Bb6 Ne3 26. Rf2 Nc2 27. Ra2 Bg5 28.
Rg2 Be3+ 29. Kh2 Rfe8 30. a4 Re5 31. f6 Rh5+ 32. Kg3 Rh3# 0-1

[Event "VII Weekend B"]
[Site "Padova ITA"]
[Date "2004.12.19"]
[Round "5"]
[White "Casciello, Dimitri"]
[Black "Ungaro, Olindo"]
[Result "0-1"]
[WhiteElo "1856"]
[BlackElo "1999"]
[PlyCount "73"]
[EventDate "2004.12.11"]

1. e4 e5 2. Nf3 Nc6 3. Bb5 a6 4. Ba4 Nf6 5. O-O Be7 6. Re1 b5 7. Bb3 d6 8. c3
O-O 9. h3 Nd7 10. d4 Bf6 11. a4 Bb7 12. axb5 axb5 13. Rxa8 Qxa8 14. Na3 Ba6 15.
g4 g6 16. Bh6 Bg7 17. Qd2 Na5 18. Ba2 Nc4 19. Nxc4 bxc4 20. Bxg7 Kxg7 21. b3
Bb7 22. d5 cxb3 23. Bxb3 Nc5 24. Bc4 Qa4 25. Bd3 Ra8 26. Bb1 Qb5 27. Qc2 Ra3
28. Nd2 Qa4 29. Qb2 Ra1 30. Rc1 Qa3 31. Qxa3 Rxa3 32. Kg2 Ba6 33. f3 Bd3 34.
Kf2 Bxb1 35. Nxb1 Ra2+ 36. Ke3 Ra4 37. Nd2 0-1

[Event "VII Weekend B"]
[Site "Padova ITA"]
[Date "2004.12.19"]
[Round "5"]
[White "Demiraj, Rumi"]
[Black "Maniero, Riccardo"]
[Result "1-0"]
[WhiteElo "1910"]
[BlackElo "1862"]
[PlyCount "64"]
[EventDate "2004.12.11"]

1. Nf3 d6 2. g3 g6 3. Bg2 Bg7 4. O-O Nf6 5. d3 O-O 6. Nbd2 c6 7. c4 Bg4 8. b3
Qc8 9. Bb2 Bh3 10. e4 Bxg2 11. Kxg2 e5 12. b4 Nbd7 13. Nb3 b6 14. c5 Ne8 15.
Rc1 Qb7 16. Qc2 Rc8 17. Rb1 Qb8 18. Rfc1 Bh6 19. Rd1 Bg7 20. a4 Kh8 21. Ba3 f5
22. Ng5 Rf6 23. Qc4 h6 24. Nf3 Qb7 25. a5 b5 26. Qc2 d5 27. exf5 Rxf5 28. Nh4
Rf6 29. f4 Kh7 30. Bb2 Rf7 31. fxe5 Bxe5 32. Bxe5 32... Nxe5 {...} 1-0

[Event "VII Weekend B"]
[Site "Padova ITA"]
[Date "2004.12.19"]
[Round "5"]
[White "Giordan, Daniele"]
[Black "Temporin, Alberto"]
[Result "1/2-1/2"]
[WhiteElo "1729"]
[BlackElo "1580"]
[PlyCount "143"]
[EventDate "2004.12.11"]

1. e4 e5 2. Nf3 Nc6 3. Bb5 d6 4. d4 exd4 5. Qxd4 Bd7 6. Bxc6 Bxc6 7. Nc3 Nf6 8.
Bg5 Be7 9. O-O-O h6 10. Bh4 O-O 11. e5 Ne8 12. Bxe7 Qxe7 13. Rhe1 Bxf3 14. gxf3
dxe5 15. Rxe5 Qf6 16. Ne4 Qxf3 17. Rg1 Qf4+ 18. Kb1 Nf6 19. Nxf6+ Qxf6 20. Qe3
Kh8 21. Re7 Rac8 22. Qg3 Qg5 23. Qxg5 hxg5 24. Rxg5 Rfe8 25. Rge5 Rxe7 26. Rxe7
Kg8 27. Kc1 g6 28. Kd2 Kg7 29. Ke3 Kf6 30. Rd7 Ke6 31. Rd2 f5 32. f3 Rh8 33.
Kf4 Rh5 34. Kg3 Rh7 35. Kf4 Kf6 36. Kg3 g5 37. Rd4 f4+ 38. Kg2 Ke5 39. c3 c6
40. Rd8 Rf7 41. Kh3 Kf5 42. Kg2 Kf6 43. Kf2 Ke6 44. Kg2 Rd7 45. Rxd7 Kxd7 46.
Kh3 Ke6 47. Kg4 Kf6 48. a4 b5 49. axb5 cxb5 50. b4 a6 51. h3 Kg6 52. h4 gxh4
53. Kxh4 Kf5 54. Kh5 Kf6 55. Kg4 Ke5 56. Kg5 Kd5 57. Kxf4 Kc4 58. Ke5 Kxc3 59.
f4 a5 60. bxa5 b4 61. a6 b3 62. a7 b2 63. a8=Q b1=Q 64. Qc6+ Kd2 65. f5 Qa1+
66. Ke6 Qe1+ 67. Kd7 Qh4 68. Qd6+ Kc3 69. Qe5+ Kd3 70. f6 Qa4+ 71. Ke6 Qe8+ 72.
Kd5 1/2-1/2

[Event "VII Weekend B"]
[Site "Padova ITA"]
[Date "2004.12.19"]
[Round "5"]
[White "Menini, Luca"]
[Black "Colusso, Enrico"]
[Result "0-1"]
[WhiteElo "1715"]
[BlackElo "1691"]
[PlyCount "73"]
[EventDate "2004.12.11"]

1. d4 Nf6 2. c4 g6 3. Nc3 d5 4. Bg5 Ne4 5. Nxe4 dxe4 6. e3 Bg7 7. Ne2 c5 8. Rb1
cxd4 9. exd4 Qa5+ 10. Qd2 Qxa2 11. Nc3 Qa5 12. Bxe7 Nc6 13. Bc5 b6 14. b4 Qa3
15. Nb5 Qa4 16. Nc7+ Kd7 17. Nxa8 bxc5 18. Qf4 Bxd4 19. Be2 Bc3+ 20. Kf1 f5 21.
Rd1+ Bd4 22. bxc5 Rd8 23. Nc7 Ke7 24. Nd5+ Ke6 25. g4 Kf7 26. gxf5 Bxf5 27. Bg4
Qxc4+ 28. Be2 Qxd5 29. Qc1 Qxc5 30. Qxc5 Bxc5 31. Rc1 Bh3+ 32. Kg1 Rb8 33. Bf1
Bxf1 34. Kxf1 Rb5 35. Kg2 Ne7 36. Rhd1 Bb6 37. Rd7 0-1

[Event "VII Weekend B"]
[Site "Padova ITA"]
[Date "2004.12.19"]
[Round "5"]
[White "Mosca, Giulia"]
[Black "Gualazzi, Paolo"]
[Result "0-1"]
[WhiteElo "1590"]
[BlackElo "1697"]
[PlyCount "74"]
[EventDate "2004.12.11"]

1. e4 g6 2. d4 d6 3. Nc3 Nf6 4. Bd3 Bg7 5. Nge2 O-O 6. f3 Nc6 7. Be3 e5 8. Qd2
exd4 9. Nxd4 Ne5 10. Nde2 Nxd3+ 11. Qxd3 Re8 12. Qd2 a6 13. g4 Nd7 14. O-O-O
Ne5 15. Rdf1 Nc4 16. Qd3 Nxe3 17. Qxe3 b5 18. Ng3 Be6 19. h4 b4 20. Na4 Bd7 21.
b3 Bxa4 22. bxa4 Qf6 23. Qb3 Qf4+ 24. Kd1 Bc3 25. Qd5 Qxg3 26. Qg5 Bg7 27. h5
Qe5 28. Qe3 d5 29. hxg6 fxg6 30. Qb3 Qd4+ 31. Kc1 Qc4 32. Re1 c6 33. Rd1 Rad8
34. exd5 cxd5 35. Kb1 a5 36. Rh2 Qc3 37. Qxc3 Bxc3 0-1

[Event "VII Weekend B"]
[Site "Padova ITA"]
[Date "2004.12.19"]
[Round "5"]
[White "Palumbo, Giuseppe"]
[Black "Borgato, Alessandro"]
[Result "0-1"]
[WhiteElo "1652"]
[BlackElo "1625"]
[PlyCount "52"]
[EventDate "2004.12.11"]

1. e4 e5 2. Nf3 Nc6 3. Bc4 Bc5 4. O-O Nf6 5. Nc3 O-O 6. a3 d6 7. d3 Bg4 8. Bg5
Nd4 9. Nd5 Nxf3+ 10. gxf3 Bh3 11. Re1 Kh8 12. Qd2 c6 13. Nxf6 gxf6 14. Bh4 Rg8+
15. Bg3 Qf8 16. Kh1 h5 17. Rg1 Qg7 18. Bxf7 h4 19. Bxg8 Rxg8 20. c3 hxg3 21.
Rxg3 Qh7 22. Rag1 Rxg3 23. Rxg3 f5 24. d4 f4 25. Rxh3 Qxh3 26. dxc5 Qf1# 0-1

[Event "VII Weekend B"]
[Site "Padova ITA"]
[Date "2004.12.19"]
[Round "5"]
[White "Pomaro, Alberto"]
[Black "Nagliati, Paolo"]
[Result "1-0"]
[WhiteElo "1697"]
[BlackElo "1829"]
[PlyCount "67"]
[EventDate "2004.12.11"]

1. d4 d6 2. e4 Nf6 3. Nc3 g6 4. Bc4 Bg7 5. Bg5 c6 6. f4 Ng4 7. Qd2 b5 8. Bb3 b4
9. Nd1 a5 10. a3 bxa3 11. Rxa3 Nf6 12. Nf2 Bb7 13. Nf3 Qb6 14. c3 O-O 15. Qc2
Re8 16. O-O Nbd7 17. e5 Nd5 18. Bxd5 cxd5 19. Nd3 f6 20. Rb3 Qc7 21. Bh4 Nb6
22. exd6 exd6 23. Re1 Nc4 24. Nd2 Bc6 25. Nc1 Ba4 26. Rxe8+ Rxe8 27. Rb7 Qxb7
28. Qxa4 Rc8 29. Nxc4 dxc4 30. Qa3 Qe4 31. Bf2 Qxf4 32. Ne2 Qe4 33. Ng3 Qd5 34.
h3 {...} 1-0

[Event "VII Weekend B"]
[Site "Padova ITA"]
[Date "2004.12.19"]
[Round "5"]
[White "Porta, Federico"]
[Black "Maniero, Andrea"]
[Result "0-1"]
[WhiteElo "1799"]
[BlackElo "1691"]
[PlyCount "26"]
[EventDate "2004.12.11"]

1. d4 d5 2. Nf3 Nf6 3. Bf4 c5 4. c3 cxd4 5. cxd4 Nc6 6. Nc3 e6 7. e3 Nh5 8. Ne5
Nxf4 9. Nxf7 Kxf7 10. Qf3 Qf6 11. O-O-O Ng6 12. Qg3 Be7 13. e4 Qg5+ 0-1

[Event "VII Weekend B"]
[Site "Padova ITA"]
[Date "2004.12.19"]
[Round "5"]
[White "Quaranta, Gaetano"]
[Black "Rigo, Caterina"]
[Result "0-1"]
[WhiteElo "1700"]
[BlackElo "1667"]
[PlyCount "45"]
[EventDate "2004.12.11"]

1. e4 d6 2. c4 Nf6 3. Nc3 g6 4. Nf3 Bg7 5. d4 Nbd7 6. Be2 O-O 7. O-O e5 8. d5
Nc5 9. Qc2 a5 10. Be3 Ncd7 11. a3 Ng4 12. Bg5 f6 13. Bh4 Nb6 14. h3 Nh6 15. c5
dxc5 16. Nxe5 g5 17. Nf3 gxh4 18. Nxh4 f5 19. Nf3 fxe4 20. Nd2 Nf5 21. Ndxe4
Nd4 22. Qd1 Nxe2+ 23. Qxe2 {...} 0-1